000 00721nam a2200241 a 4500
001 BS0001349
003 BR-BrBNA
005 20230727123952.0
008 230308b |||||||| |||| 00| 0 por d
040 _aBR-BrBNA
_bpor
_cBiblioteca Nacional de Agricultura
041 _apor
072 _aB53
090 _aB53 BS0001349
100 1 _aKrugman, Paul R.
100 1 _aObstfeld, M.
245 1 _aEconomia internacional. Teoria e política /
250 1 _a5. ed.
260 3 _aSão Paulo, SP:
_bPearson Makron Books,
_c2001.
300 _a797 p.
500 _aTítulo orginal: International Economics: Teory and policy. Traduzido por Celina Martins Ramalho Laranjeira..
650 _aECONOMIA
942 _cBK
_2AGRIS
999 _c6406
_d6406